000 00668cam a22002293a 4500
001 18141
003 PGUSA
005 20140828083403.0
008 060410s2006||||xxu|||||s|||||000 | eng d
040 _aPGUSA
_beng
042 _adc
050 4 _aPQ
100 1 _aRodriguez, Fr. José
245 1 0 _a¡Caiñgat Cayo! :
_bSa mañga masasamang libro,t, casulatan
_h[electronic resource] /
_cFr. José Rodriguez
260 _bProject Gutenberg,
_c2006
506 _aPublic domain in the USA.
516 _aElectronic text
653 _aRizal, José, 1861-1896
830 0 _aProject Gutenberg
_v18141
856 4 0 _uhttp://www.gutenberg.org/ebooks/18141
942 _cEB
999 _c247396
_d247396